Every RedBull F1 driver - Statistics

General Stats
  • This quiz has been taken 100 times
  • The average score is 9 of 13
Answer Stats
Year Answer % Correct
2016-2025 Max Verstappen
97%
2021-2024 Sergio Perez
96%
2009-2014 Sebastian Vettel
95%
2014-2018 Daniel Ricciardo
91%
2025 Liam Lawson
87%
2007-2013 Mark Webber
85%
2019-2020 Alexander Albon
82%
2019 Pierre Gasly
80%
2005-2008 David Coulthard
59%
2015-2016 Daniil Kyvat
32%
2005-2006 Christian Klien
23%
2005 Viantonio Liuzzi
22%
2006 Robert Doornbos
11%
No matching quizzes found
Score Distribution
Percent of People with Each Score
Percentile by Number Answered
Your Score History
You have not taken this quiz